[Event "Europe Echecs Blitz Sept op"]
[Site "Europe Echecs INT"]
[Date "2021.09.19"]
[Round "7"]
[White "Vine, Thibault"]
[Black "Barzic, Mickael"]
[Result "1-0"]
[WhiteElo "1850"]
[BlackElo "1530"]
[PlyCount "97"]
[EventDate "2021.09.19"]
[EventType "swiss (blitz)"]
[EventRounds "11"]
[EventCountry "FRA"]
[SourceTitle "CBM 204 Extra"]
[Source "ChessBase"]
[SourceDate "2021.11.30"]
[SourceVersion "1"]
[SourceVersionDate "2021.11.30"]
[SourceQuality "1"]

1. e4 c5 2. Nc3 d6 3. f4 Nf6 4. Nf3 a6 5. d3 Nc6 6. g3 Bg4 7. Bg2 Nd4 8. 0-0 g6 9. Ne2 Nxf3+ 10. Bxf3 Bh3 11. Bg2 Qc8 12. f5 Bxg2 13. Kxg2 Bg7 14. h3 Qc6 15. Kh2 h5 16. c4 h4 17. g4 gxf5 18. Rxf5 0-0-0 19. Rf1 Nd7 20. Be3 Be5+ 21. Bf4 f6 22. Bxe5 Nxe5 23. Nf4 Rdg8 24. Nd5 Kd7 25. b4 e6 26. Nxf6+ Kc7 27. Nxg8 Rxg8 28. a3 cxb4 29. axb4 Qd7 30. Qe2 Nc6 31. Qf2 Re8 32. b5 Ne5 33. bxa6 Nxd3 34. Qa7 Nc5 35. axb7 Nxb7 36. Rab1 Kd8 37. Rxb7 Qc6 38. Qa8+ Qc8 39. Rb8 Ke7 40. Rxc8 Rxc8 41. Qxc8 d5 42. exd5 exd5 43. cxd5 Kd6 44. Qe6+ Kc5 45. Rc1+ Kd4 46. d6 Kd3 47. Rc8 Kd2 48. d7 Kd3 49. d8Q# 1-0

[Event "Europe Echecs Blitz May op"]
[Site "Europe Echecs INT"]
[Date "2021.05.09"]
[Round "7"]
[White "Barzic, Mickael"]
[Black "Thobie, Pascal"]
[Result "1-0"]
[WhiteElo "1544"]
[BlackElo "1216"]
[PlyCount "75"]
[EventDate "2021.05.09"]
[EventType "swiss (blitz)"]
[EventRounds "11"]
[EventCountry "FRA"]
[SourceTitle "CBM 202 Extra"]
[Source "ChessBase"]
[SourceDate "2021.07.31"]
[SourceVersion "1"]
[SourceVersionDate "2021.07.31"]
[SourceQuality "1"]

1. f4 e6 2. e3 d5 3. b3 c5 4. Bb2 Nf6 5. Nf3 Be7 6. Bb5+ Bd7 7. Bd3 a6 8. 0-0 0-0 9. Nc3 Nc6 10. Ne2 b5 11. Ng3 Qc7 12. Ne5 Bc8 13. Nh5 c4 14. Nxf6+ Bxf6 15. Be2 Nxe5 16. fxe5 Bxe5 17. Bxe5 Qxe5 18. Bf3 Bb7 19. bxc4 bxc4 20. Rb1 Qc7 21. Qe1 e5 22. Qg3 f6 23. Rb2 Bc6 24. Rfb1 Rfb8 25. Bg4 Rxb2 26. Rxb2 Rb8 27. Rxb8+ Qxb8 28. Be6+ Kh8 29. Qh4 Qb1+ 30. Kf2 Qxc2 31. Ke2 Qd3+ 32. Ke1 Qb1+ 33. Ke2 Qg6 34. Qh3 h6 35. Bf5 Qg5 36. Bc2 h5 37. Qc8+ Be8 38. Qxe8# 1-0

[Event "Cappelle Online Blitz op 1st"]
[Site "Europe Echecs INT"]
[Date "2021.01.10"]
[Round "6"]
[White "Mimura, Kensuke"]
[Black "Barzic, Mickael"]
[Result "1-0"]
[WhiteElo "1790"]
[BlackElo "1544"]
[PlyCount "99"]
[EventDate "2021.01.10"]
[EventType "swiss (blitz)"]
[EventRounds "11"]
[EventCountry "FRA"]
[SourceTitle "CBM 200 Extra"]
[Source "ChessBase"]
[SourceDate "2021.03.31"]
[SourceVersion "1"]
[SourceVersionDate "2021.03.31"]
[SourceQuality "1"]

1. e4 c5 2. Nf3 d6 3. Bb5+ Bd7 4. Bxd7+ Nxd7 5. 0-0 g6 6. Re1 Bg7 7. c3 Ngf6 8. d4 cxd4 9. cxd4 e6 10. Nc3 0-0 11. e5 dxe5 12. dxe5 Nh5 13. g4 Kh8 14. gxh5 gxh5 15. Kh1 Qc7 16. Bf4 Rg8 17. Qd6 Qc8 18. Rad1 Nb6 19. Ng5 Qe8 20. Qc7 Rf8 21. Nce4 Nd5 22. Qc1 Rc8 23. Qd2 Qc6 24. Rc1 Qd7 25. Rxc8 Qxc8 26. Nd6 Qd7 27. Bg3 Kg8 28. Qd3 f5 29. exf6 Bxf6 30. Nxe6 Nb4 31. Qb3 Qc6+ 32. Kg1 Nd5 33. Nf4 Kg7 34. Nxd5 Qxd6 35. Bxd6 Rd8 36. Nxf6 Rxd6 37. Re7+ Kxf6 38. Qxb7 Rd1+ 39. Kg2 Kg5 40. Rg7+ Kh6 41. Rxh7+ Kg5 42. Qg7+ Kf5 43. Rxh5+ Ke6 44. Qg4+ Kf6 45. Qxd1 a5 46. Rxa5 Kg6 47. Qd6+ Kf7 48. Ra7+ Ke8 49. Qc7 Kf8 50. Qf7# 1-0